Normal view MARC view

Entry Uniform Title

Number of records used in: 2

001 - CONTROL NUMBER

  • control field: 48699

003 - CONTROL NUMBER IDENTIFIER

  • control field: dpl

005 - DATE AND TIME OF LATEST TRANSACTION

  • control field: 20120608115730.0

008 - FIXED-LENGTH DATA ELEMENTS

  • fixed length control field: 120608|||a|||||| | ||| d

040 ## - CATALOGING SOURCE

  • Original cataloging agency: dpl
  • Transcribing agency: dpl

130 ## - HEADING--UNIFORM TITLE

  • Uniform title: (जीवन शैली)

670 ## - SOURCE DATA FOUND

  • Source citation: Work cat.: (dpl): निरूपम, सीमा 48698, स्वस्थ जीवन /, 2001

670 ## - SOURCE DATA FOUND

  • Source citation: Work cat.: (dpl): निरूपम, सीमा 48698, स्वस्थ जीवन /, 2001

© Delhi Public Library
Hit Counter
free hit counter